| 000 | 01297cab a22002175a 4500 | ||
|---|---|---|---|
| 001 | L145141 | ||
| 008 | 080910e20080903xxk f g 000 0 eng d | ||
| 035 | _a(Sirsi) u145141 | ||
| 041 | 0 | _aeng | |
| 100 | 1 | _aBrewer, Geoff | |
| 245 | 0 | 0 | _aRights and remedies |
| 260 | _c2008 | ||
| 490 |
_aContract Journal _v444(6690) 3 September 2008, 24(1) |
||
| 520 | _aPresents the draft Construction Contracts Bill 2008, which will set out the amendments to the Housing Grants, Construction and Regeneration Act. Suggests that all contracts, written or oral, will be covered by the Housing Grants, Construction and Regeneration Act 1996. Contractual provisions in relation with adjudication will continue to have to be made in writing. Shows that unless the agreement is made after appointing an adjudicator, contractual provisions which allocate the cost between parties will be ineffective. Clarifies payment provisions. Sets out amendments to payment and withholding notices. Comments are invited until 12 September 2008. | ||
| 590 | _aKA | ||
| 650 | 2 | 4 | _aCONSTRUCTION CONTRACTS BILL 2008 |
| 650 | 2 | 4 | _aHOUSING GRANTS, CONSTRUCTION AND REGENERATION ACT 1996 |
| 651 | 4 |
_aEngland and Wales _y1543- |
|
| 690 | _aBUILT ENVIRONMENT-CONSTRUCTION MANAGEMENT-BUILDING CONTRACT ADMINISTRATION | ||
| 942 | _n0 | ||
| 999 |
_c80721 _d80721 |
||